00671 2200241 4500001002100000005001500021035002000036007000300056008004100059020002200100082000800122084001400130100002100144245008600165250001000251260003400261300003300295650002900328700002300357520002500380990001200405990001200417INLIS00000000000174020180315101324 a0010-0318000083ta180315 g 0 ind  a978-602-8453-31-8 a745 a745 AST k0 aASTRI, Damayanti1 aKemasan Kain :bCatchy & Unique /cAstri Damayanti; penyunting, Septi Rinasusanti acet.1 aDepok :bKriya Pustaka,c2011 aiv, 54 hlm :bilus ;c23 cm. aKERAJINAN DAN KEPANDAIAN0 aSEPTI, Rinasusanti abibliografi: hlm. 54 a16519 a a16519 b